Miasta województwa pomorskiego II RP z mapą - Statystyki

Ogólne statystyki
  • Ten quiz został rozwiązany 17 razy
  • Średni wynik to 18 z 34
Odpowiedzi na mapie
Odpowiedzi zakodowano w zielono-czerwonej skali na mapie do tego quizu, zgodnie z poniższymi procentami.
 
Statystyki odpowiedzi
Miasto % Poprawnych
Gdynia
92%
Puck
85%
Wejherowo
85%
Chojnice
77%
Kartuzy
77%
Tczew
77%
Toruń
77%
Kościerzyna
69%
Pelplin
69%
Starogard
69%
Brodnica
62%
Chełmno
62%
Gniew
62%
Grudziądz
62%
Nowe
62%
Świecie
62%
Tuchola
62%
Działdowo
46%
Nowe Miasto
46%
Sępolno
46%
Wąbrzeźno
46%
Chełmża
38%
Lubawa
38%
Radzyn
38%
Więcbork
38%
Czersk
31%
Golub
31%
Górzno
31%
Kowalewo
31%
Lidzbark
31%
Skarszewy
31%
Łasin
23%
Kamień Pomorski
15%
Podgórz
15%
Nie znaleziono quizów pasujących do podanych kryteriów
Rozkład punktacji
Procent ludzi z każdym wynikiem
Percentyl według liczby udzielonych odpowiedzi
Twoja historia wyników
Nie rozwiązałeś tego quizu